Pribudli ďalšie štyri autobusy

Bibliographic Details
Format: Article
Language:Slovak
PhysicalDescription:Fotogr.
Subjects:

MARC

LEADER 00000nab a2200000 ar4500
001 vtls010060236
003 SK-MaSNL
005 20260303051001.0
008 171110c2010 xo wr|p|||||||000 b|slo
038 |a PPPK 
040 |a PPPKCL  |b slo  |c PPPKCL  |e AACR2 
041 0 |a slo 
044 |a xo  |c SK 
080 |a 656.121  |2 2001 
080 |a 656.132  |2 2001 
080 |a 629.341  |2 2001 
245 0 0 |a Pribudli ďalšie štyri autobusy  |c [text a foto] (plk) 
300 |b Fotogr. 
610 2 7 |a Slovenská autobusová doprava (Poprad, Slovensko)  |2 pppkcl  |9 1023438 
610 2 7 |a Mestská hromadná doprava (Poprad, Slovensko)  |2 pppkcl  |9 1035611 
650 0 7 |a doprava  |2 snkbucl  |9 1777 
650 0 7 |a autobusová doprava  |2 pppkcl  |9 70865 
650 0 7 |a vozový park  |2 pppkcl  |9 1035153 
650 0 7 |a nízkopodlažné autobusy  |2 pppkcl  |9 1036893 
650 0 7 |a modernizácia  |2 pppkcl  |9 3613 
651 7 |a Poprad (Slovensko)  |2 pppkcl  |9 20155 
773 0 |t Podtatranské noviny  |g Roč. LI, č. 1-2 (2010), s. 3 
852 |a PPPK  |b KIS3GCP 
999 |c 1709818  |d 1711748